L'Archivio e la ricerca : mostra didattica permanente / a cura di Elio Lodolini e Rita Cosma mostra didattica permanente / a cura di Elio Lodolini e Rita Cosma

per Lodolini, Elio

Descripció física: 2 v. : il., negre i col. [el 2n. vol. conté 2 fascicles] ; 22 x 24 cm
Matèries: Arxivística

MARC

LEADER 00000nam a2200000Ia 4500
001 7693, 7694
008 160829s1984 xx 000 0 cat d
080 |a A-2-36, A-2-37 
100 |a Lodolini, Elio  |9 22420 
245 |a L'Archivio e la ricerca :  |b  mostra didattica permanente / a cura di Elio Lodolini e Rita Cosma 
250 |a 2a ed. 
260 |a Roma :  |b Archivio di Stato. Scuola di Archivistica, Paleografia e Diplomatica,  |c 1984 
300 |a 2 v. :  |b  il., negre i col. [el 2n. vol. conté 2 fascicles] ;  |c 22 x 24 cm 
590 |a Conté: v. 1: Catálogo : parte I; v. 2: Catálogo : parte II 
650 |a Arxivística  |9 36557 
700 |a Roma. Archivio di Stato   |9 38056 
700 |a Scuola di Archivistica, Paleografia e Diplomatica (Roma)   |9 38057 
700 |a Cosma, Rita  |9 38058 
901 |a Arxiu 
942 |n 1 
952 |0 0  |1 0  |4 0  |6 A236_A237  |7 1  |9 48224  |a Arxiu  |b Arxiu  |d 2016-12-01  |l 0  |o A-2-36, A-2-37  |p 7693, 7694  |r 2016-12-01 00:00:00  |w 2016-12-01  |y ARXIU 
999 |c 52030  |d 52030